Stadionnamen zu Vereinen (Liga 1-4) - Statistiken

Allgemein
  • Dieses Quiz wurde 228 mal gespielt
  • Das Durchschnittsergebnis liegt bei 40 aus 146
Antwortstatistiken
Liga Verein Stadionname % Korrekt
1.Bundesliga Bayern München Allianz Arena
99%
1.Bundesliga Bayer Leverkusen BayArena
95%
1.Bundesliga Borussia Dortmund Signal-Iduna-Park
94%
1.Bundesliga VfB Stuttgart MHPArena
88%
1.Bundesliga Werder Bremen Wohninvest Weserstadion
88%
1.Bundesliga Eintracht Frankfurt Deutsche Bank Park
87%
1.Bundesliga RB Leipzig Red Bull Arena
87%
1.Bundesliga Union Berlin Stadion An der Alten Försterei
85%
2.Bundesliga Hamburger SV Volksparkstadion
83%
2.Bundesliga FC Schalke 04 Veltins-Arena
82%
2.Bundesliga Hertha BSC Olympiastadion
81%
1.Bundesliga FC St.Pauli Millerntor-Stadion
78%
2.Bundesliga 1.FC Köln Rheinenergiestadion
78%
1.Bundesliga VfL Wolfsburg Volkswagen Arena
78%
1.Bundesliga Borussia Mönchengladbach Borussia-Park
77%
2.Bundesliga 1.FC Kaiserslautern Fritz-Walter-Stadion
74%
RL-Bayern 1.FC Nürnberg 2 Max-Morlock-Platz
72%
1.Bundesliga SC Freiburg Europa-Park-Stadion
70%
1.Bundesliga VfL Bochum Ruhrstadion
70%
2.Bundesliga Fortuna Düsseldorf Merkur Spiel-Arena
69%
1.Bundesliga FC Augsburg WWK-Arena
65%
1.Bundesliga TSG Hoffenheim PreZero Arena
64%
3.Liga Hansa Rostock Ostseestadion
63%
2.Bundesliga Karlsruher SC Wildparkstadion
62%
2.Bundesliga Hannover 96 Heinz-von-Heiden-Arena
60%
2.Bundesliga SV Darmstadt 98 Stadion am Böllenfalltor
60%
2.Bundesliga 1.FC Nürnberg Max-Morlock-Stadion
59%
1.Bundesliga Holstein Kiel Holstein-Stadion
58%
1.Bundesliga FSV Mainz 05 Mewa Arena
58%
3.Liga VfL Osnabrück Stadion an der Bremer Brücke
56%
3.Liga Arminia Bielefeld SchücoArena
55%
3.Liga Alemannia Aachen Tivoli
53%
2.Bundesliga Eintracht Braunschweig Eintracht-Stadion
52%
3.Liga TSV 1860 München Städtisches Stadion an der Grünwalder Straße
51%
RL-Bayern Bayern München 2 Städtisches Stadion an der Grünwalder Straße
51%
RL-Bayern Türkgücü München Städtisches Stadion an der Grünwalder Straße
51%
3.Liga Dynamo Dresden Rudolf-Harbig-Stadion
49%
3.Liga Rot-Weiss Essen Stadion an der Hafenstraße
48%
3.Liga Energie Cottbus Stadion der Freundschaft
48%
2.Bundesliga Preußen Münster Preußenstadion
47%
1.Bundesliga 1.FC Heidenheim Voith-Arena
47%
3.Liga FC Ingolstadt Audi-Sportpark
45%
2.Bundesliga Jahn Regensburg Jahnstadion
45%
RL-West SC Wiedenbrück Jahnstadion
45%
RL-Bayern TSV Buchbach SMR-Arena
45%
3.Liga Borussia Dortmund 2 Stadion Rote Erde
42%
RL-SüdWest FC Homburg Waldstadion
41%
RL-SüdWest FC Gießen Waldstadion
41%
2.Bundesliga Greuther Fürth Sportpark Ronhof
40%
2.Bundesliga SSV Ulm Donaustadion
38%
3.Liga Erzgebirge Aue Erzgebirgsstadion
38%
2.Bundesliga SC Paderborn Home-Deluxe-Arena
35%
3.Liga 1.FC Saarbrücken Ludwigsparkstadion
33%
3.Liga Waldhof Mannheim Carl-Benz-Stadion
32%
RL-Bayern 1.FC Schweinfurt Sachs-Stadion
31%
3.Liga Wehen Wiesbaden Brita-Arena
30%
RL-SüdWest SC Freiburg 2 Dreisamstadion
24%
RL-West SC Paderborn 2 Home Deluxe Arena
24%
RL-West FC Schalke 04 2 Parkstadion
23%
2.Bundesliga SV Elversberg Ursapharm-Arena an der Kaiserlinde
23%
RL-SüdWest FSV Mainz 05 2 Bruchwegstadion
22%
3.Liga SV Sandhausen Hardtwaldstadion
20%
2.Bundesliga 1.FC Magdeburg MDCC-Arena
20%
RL-SüdWest Kickers Offenbach Stadion am Bieberer Berg
20%
RL-NordOst Hallescher FC Leuna-Chemie-Stadion
19%
3.Liga SpVgg Unterhaching Sportpark Unterhaching
19%
RL-West Wuppertaler SV Stadion am Zoo
19%
RL-Nord VfB Lübeck Stadion an der Lohmühle
17%
RL-NordOst Lokomotive Leipzig Bruno-Plache-Stadion
16%
RL-NordOst Rot-Weiss Erfurt Steigerwaldstadion
16%
RL-SüdWest Hessen Kassel Auestadion
15%
RL-NordOst Carl Zeiss Jena Ernst-Abbe-Sportfeld
15%
RL-NordOst Chemie Leipzig Alfred-Kunze-Sportpark
14%
RL-SüdWest TSG Hoffenheim 2 Dietmar-Hopp-Stadion
14%
RL-SüdWest Stuttgarter Kickers Gazi-Stadion auf der Waldau
13%
RL-Nord SV Meppen Hänsch-Arena
13%
RL-West KFC Uerdingen Grotenburg-Stadion⁠
12%
RL-NordOst SV Babelsberg Karl-Liebknecht-Stadion
12%
3.Liga Viktoria Köln Sportpark Höhenberg
12%
RL-West MSV Duisburg Wedaustadion
12%
RL-Nord Werder Bremen 2 Weserstadion Platz 11
11%
RL-NordOst Chemnitzer FC Stadion an der Gellertstraße
10%
RL-West Fortuna Köln Südstadion
10%
RL-NordOst VSG Altglienicke Friedrich-Ludwig-Jahn-Sportpark
9%
RL-NordOst Hertha BSC 2 Friedrich-Ludwig-Jahn-Sportpark
9%
RL-Nord VfB Oldenburg Marschwegstadion
9%
RL-SüdWest FSV Frankfurt PSD Bank Arena
9%
RL-West Rot-Weiss Oberhausen Stadion Niederrhein
9%
3.Liga Hannover 96 2 Eilenriedestadion
8%
RL-SüdWest SV Eintracht Trier Moselstadion
8%
RL-Nord Kickers Emden Ostfriesland-Stadion
8%
RL-NordOst Greifswalder FC Volksstadion Greifswald
8%
RL-Bayern FC Augsburg 2 Rosenaustadion
7%
3.Liga SC Verl Sportclub Arena
7%
RL-West Sportfreunde Lotte Stadion am Lotter Kreuz
7%
RL-Nord FC St.Pauli 2 Edmund-Plambeck-Stadion
5%
RL-Nord Eintracht Norderstedt Edmund-Plambeck-Stadion
5%
RL-Nord Bremer SV Stadion am Panzenberg
5%
RL-Nord Teutonia Ottensen Stadion Hoheluft
5%
RL-NordOst FSV Zwickau GGZ-Arena
4%
RL-Bayern SpVgg Bayreuth Hans-Walter-Wild-Stadion
4%
RL-Nord Holstein Kiel 2 Sinalco-Arena
4%
RL-Bayern Wacker Burghausen Wacker-Arena
4%
RL-Nord SSV Jeddeloh 53acht-Arena
3%
RL-NordOst ZFC Meuselwitz bluechip-Arena
3%
RL-West Borussia Mönchengladbach 2 Grenzlandstadion
3%
RL-West FC Gütersloh Heidewaldstadion
3%
RL-Nord Blau-Weiss Lohne Heinz-Dettmer-Stadion
3%
RL-Nord SV Drochtersen/Assel Kehdinger Stadion
3%
RL-West Fortuna Düsseldorf 2 Paul-Janes-Stadion
3%
3.Liga VfB Stuttgart 2 Robert-Schlienz-Stadion
3%
RL-West 1.FC Bocholt Stadion am Hünting
3%
RL-NordOst Viktoria Berlin Stadion Lichterfelde
3%
RL-NordOst VFC Plauen Vogtlandstadion
3%
RL-Nord TSV Havelse Wilhelm-Langrehr-Stadion
3%
RL-Bayern Würzburger Kickers Akon Arena
2%
RL-Nord Phönix Lübeck Buniamshof
2%
RL-NordOst Hertha 03 Zehlendorf Ernst-Reuter-Stadion
2%
RL-West 1.FC Köln 2 Franz-Kremer-Stadion
2%
RL-NordOst FC Eilenburg Ilburg-Stadion
2%
RL-West Türkspor Dortmund Ischelandstadion
2%
RL-SüdWest Bahlinger SC Kaiserstuhlstadion
2%
RL-Nord Weiche Flensburg Manfred-Werner-Stadion
2%
RL-SüdWest Eintracht Frankfurt 2 Sportpark Dreieich
2%
RL-Nord Hamburger SV 2 Sportpark Eimsbüttel
2%
RL-SüdWest SG Barockstadt Fulda-Lehnerz Sportpark Johannisau
2%
RL-Bayern Viktoria Aschaffenburg Stadion am Schönbusch
2%
RL-NordOst FSV Luckenwalde Werner-Seelenbinder-Stadion
2%
RL-West 1.FC Düren Westkampfbahn⁠
2%
RL-West SV Eintracht Hohkeppel Westkampfbahn⁠
2%
RL-Bayern FC Eintracht Bamberg Fuchs-Park-Stadion
1%
RL-Nord SV Todesfelde Joda Sportpark
1%
RL-SüdWest FC 08 Villingen MS-Technologie-Arena
1%
RL-Bayern TSV Aubstadt NGN-Arena
1%
RL-SüdWest FC-Astoria Walldorf Stadion im Dietmar-Hopp-Sportpark
1%
RL-NordOst BFC Dynamo Stadion im Sportforum
1%
RL-SüdWest SGV Freiberg Wasenstadion
1%
RL-West SV Rödinghausen Wiehenstadion
1%
RL-Bayern TSV Schwaben Augsburg Ernst-Lehner-Stadion
0%
RL-Bayern Greuther Fürth 2 Konrad-Ammon-Platz
0%
RL-Bayern SpVgg Hankofen-Hailing Maierhofer-Bau-Stadion
0%
RL-Bayern DJK Vilzing Manfred-Zollner-Stadion
0%
RL-SüdWest TSV Steinbach Haiger Sportzentrum Haarwasen Haiger
0%
RL-SüdWest 1. Göppinger SV Stadion Hohenstaufenstraße
0%
RL-Bayern FV Illertissen Vöhlingstadion
0%
RL-Bayern SpVgg Ansbach Xaver-Bertsch-Sportpark
0%
Keine übereinstimmenden Quizze gefunden
Verteilung der Resultate
Anzahl Personen mit jedem Resultat
Perzentil nach korrekt beantworteten Fragen
Ihre Resultats-Entwicklung
Sie haben dieses Quiz noch nicht gespielt